000 00856nmm a2200217 a 4500
003 AR-BaBNM
005 20251128203248.0
008 011101sc195 ||||||||||||||000 | spa||
040 _cAR-BaBNM
240 1 0 _aEnciclopedia Británica
245 1 0 _aEncyclopaedia Britannica
_ba new survey of universal knowledge
260 _aChicago
_bEncyclopaedia Britannica
_cc1957
300 0 _a24 v.
500 0 _aLa Encylopaedia Britannica es publicada bajo el Consejo Consultivo y Editorial de las Facultades de la Universidad de Chicago y el Comité de Miembros de las Facultades de las Universidades de Oxford y Londres
500 0 _aEl volumen 24 corresponde al índice de los volúmenes 1 al 23 e incluye atlas e índice del atlas
650 4 _aENCICLOPEDIAS
655 _aREFERENCIA
700 1 _aBenton, William
_eeditor
942 _cBK
998 _cJuan
999 _c2610
_d2610